| 000 | 00483nam a2200181Ia 4500 | ||
|---|---|---|---|
| 001 | 4424 | ||
| 005 | 20260306145755.0 | ||
| 008 | 260306t2007||||xx |||||||||||||| ||spa|| | ||
| 041 | _aESP | ||
| 082 |
_a321.8 _bM63 |
||
| 100 |
_aMiró Quesada Rada, Francisco, 1948- _eAUT |
||
| 245 | 0 |
_aDel ágora ateniense al ágora electrónica: _bel futuro de la democracia |
|
| 260 | _c2007 | ||
| 300 |
_a221 páginas : _c23 cm. |
||
| 650 | _aGEN | ||
| 654 | _aCHU | ||
| 942 |
_cLIB _dJUS _fJUS _2ddc _n |
||
| 999 |
_c4424 _d4424 |
||